| 000 | 00920cam a2200265 a 4500 | ||
|---|---|---|---|
| 003 | CDMR | ||
| 005 | 20140415174142.0 | ||
| 008 | 140321s2014 spca||||||||||0|1 0acat|d | ||
| 017 | _aDL B. 4106-2014 | ||
| 020 | _a9788415695998 | ||
| 040 |
_bcat _cCDMR |
||
| 100 | 1 |
_aSellarès, Miquel, _d1946- |
|
| 245 | 1 | 0 |
_aConstruint un estat nou _b: memòries polítiques _cMiquel Sellarès ; amb la col·laboració de Marina Llansana ; pròleg de Joan B. Culla |
| 260 |
_aBarcelona : _bAngle Editorial, _c2014 |
||
| 300 |
_a368 p., [8] p. de làm. : _bil. ; _c23 cm |
||
| 490 | 1 |
_aEl Fil d'Ariadna ; _v73 |
|
| 504 | _aÍndex | ||
| 600 | 1 | 4 |
_aSellarès, Miquel, _d1946- _2lemac |
| 650 | 4 |
_aPolítics _zCatalunya _xBiografia _yS. XX |
|
| 651 | 4 |
_aCatalunya _xPolítica i govern _yS. XX |
|
| 700 | 1 |
_aCulla, Joan B. _q(Joan Baptista) _91642 |
|
| 700 | 1 |
_aOliveres, Arcadi, _d1945- |
|
| 700 | 1 |
_aTorralba, Silvia, _d1978- |
|
| 942 | _cMON | ||
| 999 |
_c6728 _d6728 |
||